000 01354nam0a22003131 4500
001 rc\3136089
005 20260405073606.0
021 _aRU
_b[75-48372]
035 _a(NLR Aleph) 007316651
090 _a5866166
_c5866166
100 _a20120615d1975 |||y0rusy50 ca
101 0 _arus
102 _aRU
105 _ay z |||||
200 1 _aРазвитие общественной мысли в трудах русских революционеров-демократов
_eАнализ социально-полит., атеист. и этич. идей А.Н. Радищева, В.Г. Белинского, Н.П. Огарева
210 _aМинск
_cВышэйш. школа
_d1975
215 _a478 с.
_d22
320 _aУказ. имен: с. 466-477
606 _aОбщественная мысль в России
_z18-29 вв.
_2psbo
606 _aРусские революционные демократы
_2psbo
700 1 _aСтепанищев
_bС.С.
_gСергей Семенович
702 1 _aБелинский
_bВ.Г.
_4570
702 1 _4570
_8rus
_7ca
_aРадищев
_bА. Н.
_f1749-1802
_gАлександр Николаевич
_3RU\NLR\AUTH\7720778
_93844
702 1 _aОгарев
_bН.П.
_4570
801 0 _aRU
_bNLR
_gpsbo
801 1 _aRU
_bELAR
_2rusmarc
852 _aNLR
_j75-5/2002
942 _cBOOK
980 _aNB